00365nam a2200133Ia 4500008004100000041000800041082001700049100001800066245004500084250001400129260004400143300003300187365001100220240624s9999 xx 000 0 und d aeng a658.4012 ABR aABRAMS RHONDA aSUCCESSFUL BUSINESS PLAN SECRETS AND STR a(4th ed.) c2007aNew DelhibPrentice-Hall of India axxxvi, : 417 : p. : cm. ; 27 cRSb36